| 000 | 00428nam a22001697a 4500 | ||
|---|---|---|---|
| 003 | MPLRDC | ||
| 005 | 20220104165808.0 | ||
| 008 | 210129b ||||| |||| 00| 0 eng d | ||
| 020 | _a0-582-53494-1 | ||
| 082 | _a859.6 HUGO | ||
| 100 | _aVICTOR M. HUGO 雨果 | ||
| 245 |
_aTHE HUNCHBACK OF NOTRE-DAME _c |
||
| 260 |
_a _bLONGMAN GROUP LTD _c1983 |
||
| 300 | _b平 | ||
| 650 | _aCHILDREN LITERATURE | ||
| 942 |
_cBK _o859.6 HUGO |
||
| 999 |
_c57607 _d57597 |
||